Language Quiz

Random Language or Letter Quiz

2 Letter Sporcle Words Quiz Stats

 Plays Quiz Updated Jun 16, 2017

Support Sporcle.
Go Orange.
Score 0/12 Timer 01:30
3 Plays Today
2 Letter Word % Correct
so
96.4%
or
95.4%
po
92.3%
lo
90.5%
el
88%
pe
86%
op
85.9%
er
85.3%
re
84.5%
es
83.9%
os
81%
oe
72.8%

You're not logged in!

Compare scores with friends on all Sporcle quizzes.
OR
Log In
Forgot?

From the Vault

Absent Letter Oscar 'Best Actor' Winners

by RobFitz

Was it at least an excused absence?
Remove Ads.
Support Sporcle.
Get the best of Sporcle when you Go Orange. This ad-free experience offers more features, more stats, and more fun while also helping to support Sporcle. Thank you for becoming a member.

Show Comments

Extras

Top Quizzes Today


Score Distribution

Your Account Isn't Verified!

In order to create a playlist on Sporcle, you need to verify the email address you used during registration. Go to your Sporcle Settings to finish the process.

Report this User

Report this user for behavior that violates our Community Guidelines.

Details: